00281 a2200109 4500001001000000005001700010008004100027245002000068100001800088773004800106999001700154ART_3860020260410162011.0260409a 10aFe y compromiso1 aCoppa, Carlos0 tAnuariog- NÂș 4 (ene./dic. 2000)wREV38525 c32228d32228